000 00247nam a2200097Ia 4500
008 240331s9999 xx 000 0 und d
082 _a303.6
_bFEM
100 _aGiles, W. ed
245 0 _aFeminists under fire :
_bexchanges across war zones
942 _cL
999 _c1260
_d1260